Szczegóły MARC21

Energy management in business : the manager's guide to maximising and sustaining energy reduction /

005 -DATA I CZAS OSTATNIEJ MODYFIKACJI [,]
    • @
    • pole kontrolne
    • 20140225130255.0
020 -Międzynarod. znormalizowany nr książki - ISBN [ , ]
    • a
    • Numer ISBN
    • 9781409452454 Find
020 -Międzynarod. znormalizowany nr książki - ISBN [ , ]
    • a
    • Numer ISBN
    • 9781409452461 Find
020 -Międzynarod. znormalizowany nr książki - ISBN [ , ]
    • a
    • Numer ISBN
    • 9781472402455 Find
040 -Instytucja sporządzająca opis [ , ]
    • a
    • Instytucja, która sporządziła opis (NP)
    • SZCZ U/SA
    • c
    • Instytucja, która sporządziła rekord (NP)
    • SZCZ U/SA
    • d
    • Instytucja, która zmodyfikowała rekord (P)
    • SZCZ U/ML
041 -Język dokumentu [0, ]
    • a
    • Język tekstu (P)
    • angielski
044 -Kraj miejsca wydania [ , ]
    • a
    • Kraj miejsca wydania
    • Wielka Brytania
    • a
    • Kraj miejsca wydania
    • USA
942 -Rodzaj dokumentu [ , ]
    • c
    • Rodzaj dokumentu
    • Książka
100 -Hasło główne - nazwa osobowa [1, ]
    • 9
    • KHW
    • 577606
    • a
    • Nazwa osobowa (NP)
    • Oung, Kit.
245 -Strefa tytułu i oznaczenia odpowiedzialności [1,0]
    • a
    • Tytuł
    • Energy management in business : Find
    • b
    • Ciąg dalszy tytułu (NP)
    • the manager's guide to maximising and sustaining energy reduction / Find
    • c
    • Pozostałe elementy strefy tytułu i oznaczenia odpowiedzialności (NP)
    • Kit Oung.
260 -Strefa adresu wydawniczego [ , ]
    • a
    • Miejsce wydania (P)
    • Farnham ;
    • a
    • Miejsce wydania (P)
    • Burlington :
    • b
    • Nazwa wydawcy (P)
    • Gower,
    • c
    • Data wydania (P)
    • cop. 2013.
300 -Strefa opisu fizycznego [ , ]
    • a
    • Określenie formy książki i/lub objętość (NP)
    • XXVIII, 248 s. :
    • b
    • Oznaczenie ilustracji (NP)
    • wykr., tab. ;
    • c
    • Format (NP)
    • 25 cm.
504 -Uwaga dot. bibliogr. załącznikowej [ , ]
    • a
    • Uwaga dot. bibliografii załącznikowej
    • Indeks.
080 -Uniwersalna Klasyfikacja Dziesiętna [ , ]
    • 2
    • Identyfikator wydania tablic
    • UDC-P058
    • 9
    • UKD
    • 4833
    • a
    • Symbol klasyfikacji
    • 620.91
    • b
    • Dopowiedzenie
    • Gospodarka energetyczna (ogólnie). Siłownie. Źródła energii i ich wykorzystanie.
    • 4
    • UKD2
    • 7644
    • x
    • Poddział wspólny
    • =111
    • c
    • Dopowiedzenie poddz. wspólnego
    • =Język angielski.
080 -Uniwersalna Klasyfikacja Dziesiętna [ , ]
    • 2
    • Identyfikator wydania tablic
    • UDC-P058
    • 9
    • UKD
    • 4880
    • a
    • Symbol klasyfikacji
    • 621.316
    • b
    • Dopowiedzenie
    • Dystrybucja i regulacja energii elektrycznej. Sieci rozdzielcze. Linie elektroenergetyczne. Instalacje elektryczne. Aparatura łączeniowa. Łączniki. Rozłączniki. Wybieraki. Wyłączniki. Technika regulacji elektrycznej. Regulatory. Oporniki. Termistory.
    • 4
    • UKD2
    • 7644
    • x
    • Poddział wspólny
    • =111
    • c
    • Dopowiedzenie poddz. wspólnego
    • =Język angielski.
080 -Uniwersalna Klasyfikacja Dziesiętna [ , ]
    • 2
    • Identyfikator wydania tablic
    • UDC-P058
    • 9
    • UKD
    • 3996
    • a
    • Symbol klasyfikacji
    • 502.17
    • b
    • Dopowiedzenie
    • Racjonalne wykorzystanie zasobów naturalnych. Kontrola jakości środowiska. Ochrona gatunków zagrożonych. Rekultywacja. Odzysk. Technologie czyste. Recykling. Wykorzystanie odnawialnych źródeł energii. Renaturyzacja
    • 4
    • UKD2
    • 7644
    • x
    • Poddział wspólny
    • =111
    • c
    • Dopowiedzenie poddz. wspólnego
    • =Język angielski.
980 -Symbol UKD [ , ]
    • a
    • UKD
    • 620.91:621.316:502.17]=111
710 -Hasło dodatkowe - nazwa ciała zbiorowego [2, ]
    • 4
    • Kod relacji
    • pbl
    • 9
    • KHW
    • 66143
    • a
    • Nazwa ciała zbiorowego lub nazwa geograficzna jako pierwszy element (NP)
    • Gower Publishing.
920 -ISBN [ , ]
    • a
    • ISBN
    • 978-1-4094-5245-4 Find
920 -ISBN [ , ]
    • a
    • ISBN
    • 978-1-4094-5246-1 Find
920 -ISBN [ , ]
    • a
    • ISBN
    • 978-1-4724-0245-5 Find
Data inwentaryzacji Lokalizacja Numer inwentarzowy Status udost.
2013-12-09TT.13929-2